000 01122nam0a2200325 4500
001 RU\NLR\bibl\1077473
005 20250615045158.0
010 _a5-17-042255-5
_bАСТ
010 _a5-9725-0817-6
_bАстрель-СПб
_95000
021 _aRU
_b2007-17404
_9925
035 _a(NLR Aleph) 001064666
090 _a960555
_c960555
100 _a20070425d2007 |||y0rusy50 ca
101 0 _arus
102 _aRU
105 _ay |||||||||
200 1 _aЗащитные заговоры для всей семьи
_fА. Ф. Киселева
210 _aМосква
_cАСТ
_aСанкт-Петербург
_cАстрель-СПб
_d2007 (печ. 2006)
215 _a222, [1] с.
_d20
225 1 _aДомашняя азбука
300 _aНа обл. авт. не указан
606 1 _aЗаговоры и заклинания
_91113023
_3RU\NLR\auth\66439913
686 _aЭ250.312
700 1 _aКиселева
_bА. Ф.
_gАнтонина Филипповна
_4070
801 0 _aRU
_bNLR
_c20070425
_gRCR
801 1 _aRU
_bNLR
_c20070425
942 _cBOOK
980 _aNB